Antonio de Leiva (Registro nro. 173778)

Detalles MARC
000 -LEADER
campo de control de longitud fija 00707namaa2200169 i 4500
001 - NÚMERO DE CONTROL
campo de control 173778
003 - IDENTIFICADOR DE NÚMERO DE CONTROL
campo de control ES-MaACL
005 - FECHA Y HORA DE LA ÚLTIMA TRANSACCIÓN
campo de control 20230906215337.0
008 - DATOS DE LONGITUD FIJA--INFORMACIÓN GENERAL
campo de control de longitud fija 100118s1849 sp |||| | spa d
040 ## - FUENTE DE CATALOGACIÓN
Centro catalogador/agencia de origen SpMaBN
Lengua de catalogación spa
Centro/agencia transcriptor PAB
100 1# - ENTRADA PRINCIPAL--NOMBRE DE PERSONA
Nombre de persona Ariza, Juan de.
9 (RLIN) 141983
245 10 - MENCIÓN DEL TÍTULO
Título Antonio de Leiva
Resto del título : drama en tres actos y un prólogo y en verso /
Mención de responsabilidad, etc. por Juan de Ariza.
260 ## - PUBLICACIÓN, DISTRIBUCIÓN, ETC.
Lugar de publicación, distribución, etc. Madrid :
Nombre del editor, distribuidor, etc. [s.n.],
Fecha de publicación, distribución, etc. 1849 (
Fabricante Imp. de S. Omaña)
300 ## - DESCRIPCIÓN FÍSICA
Extensión 84 p. ;
Dimensiones 19 cm.
500 ## - NOTA GENERAL
Nota general En port.: Estrenado en el Teatro Español.
852 ## - LOCALIZACIÓN
Ubicación ES-MaACL
Número de control de estantería B-8603(18)
Nota libre .- Enc. pasta española
condición física .- Falto de la cub. original
Nota libre .- Enc. en un vol. facticio formando parte de la col. facticia "Teatro español moderno", vol. 56
Existencias
Estatus retirado Estado de pérdida Estado de daño No para préstamo Colección Biblioteca de origen Biblioteca actual Ubicación en estantería Fecha de adquisición Fuente de adquisición Total de préstamos Signatura topográfica completa Código de barras Visto por última vez Precio de reemplazo Tipo de ítem Koha
        Libros del s. XIX Biblioteca del Ateneo de Madrid Biblioteca del Ateneo de Madrid Sala Pardo Bazán 18/01/2010     B-8603(18) 1182408 23/02/2023 23/02/2023 Libro impreso antiguo